| 000 | 02112nam a22003017a 4500 | ||
|---|---|---|---|
| 999 |
_c22043 _d22043 |
||
| 003 | AR-CdUCM | ||
| 008 | 190515b ||||| |||| 00| 0 spa d | ||
| 040 |
_aMUNICIPALIDAD PROVINCIAL DEL CUSCO _cBIBLIOTECA MUNICIPAL DEL CUSCO |
||
| 082 | _aCroniUrbana/N°12/2007 | ||
| 110 |
_aCentro de Educación y Comunicación Guamán Poma de Ayala _947233 |
||
| 245 |
_aCrónicas Urbanas : _banálisis y perspectivas urbano regionales / |
||
| 260 |
_aCusco : _bCentro Guamán Poma de Ayala, _c2007. |
||
| 300 |
_a131 páginas. : _bilustraciones ; _c30 cm. |
||
| 440 |
_aRevista Crónicas Urbanas. _nAñño XI, N°12, 2007 _947248 |
||
| 505 | _aContenido: Significar desde la periferia experiencias y prácticas de identidad entre migrantes apurimeños en Lima. Silvia Rodríguez Maeso. -- Nuevas tendencias de participación y movilización política indígena en el Perú. Ramón Pajuelo Teves. -- Geopoética de identidad y lo cholo en el Perú migración geográfica y mestiza. Gisela Cánepa. -- La heroicidad en la memoria e identidad nacional. Santiago Alfaro. -- Entre el fuego y la calandria visión del Perú desde la narrativa andina. Luis Nieto Degregori. -- Luis Valllejos, Luis Dalle y la iglesia surandina su recuerdo nos da vida. Luis Jesús López Ribera. -- La educación como herramienta de inclusión. -- Narrativa de modernidad e ideología de diferenciación social, algunos discursos y practicas alrededor de la peregrinación de Quyllurit´i. Guillermo Salas Carreño. -- Warma Khuyay. José María Arguedas. -- Reseña amanecer en el bajo Huatanay del diagnóstico de recursos naturales del Valle de Cusco. Raúl Parra Maza. | ||
| 650 |
_aPolítica _9291 |
||
| 650 |
_aDesarrollo económico _91696 |
||
| 650 |
_aIdentidad nacional _93845 |
||
| 650 |
_aPolítica indígena _947238 |
||
| 700 |
_aNieto Degregori, Luis _96534 |
||
| 700 |
_aRodríguez Maeso, Silvia _947249 |
||
| 700 |
_aPajuelo Teves, Ramón _912309 |
||
| 700 |
_aAlfaro, Santiago _947250 |
||
| 700 |
_aLópez Ribera, Luis Jesús _947251 |
||
| 710 |
_aCentro Guamán Poma de Ayala _920511 |
||
| 942 |
_2ddc _cPP |
||
| 945 | _avhl | ||